| 000 | 00978cam a22003018a 4500 | ||
|---|---|---|---|
| 001 | 4796852 | ||
| 005 | 20200421093824.0 | ||
| 008 | 111207s2012 cc a 001 0 eng|d | ||
| 015 |
_aGBB1E2704 _2bnb |
||
| 020 |
_a9781449314286 (pbk.) : _c£38.50 |
||
| 020 |
_a1449314287 (pbk.) : _c£38.50 |
||
| 035 | _a(Uk)015991775 | ||
| 035 | _a2644915 | ||
| 040 |
_aStDuBDS _beng _cStDuBDS |
||
| 082 | 0 | 4 |
_a005.7565 _223 |
| 100 | 1 |
_aSchwartz, Baron. _9500 |
|
| 245 | 1 | 0 |
_aHigh performance MySQL : _boptimization, backups, replication, and more. |
| 250 |
_a3rd ed. / _bBaron Schwartz, Peter Zaitsev, Vadim Tkachenko. |
||
| 260 |
_aBeijing ; _aFarnham : _bO'Reilly, _c2012. |
||
| 263 | _a201204 | ||
| 300 |
_a1 v. : _bill. ; _c24 cm. |
||
| 500 | _aPrevious ed.: published as by Baron Schwartz ... [et al.]. 2008. | ||
| 500 | _aIncludes index. | ||
| 630 | 0 | 0 |
_aMySQL (Electronic resource) _9501 |
| 700 | 1 |
_aZaitsev, Peter. _9502 |
|
| 700 | 1 |
_aTkachenko, Vadim. _9503 |
|
| 942 |
_2ddc _cBK |
||
| 999 |
_c259 _d259 |
||